[Event "15th Unive op"]
[Site "Hoogeveen NED"]
[Date "2011.10.17"]
[Round "4.24"]
[White "Sekandar, Kambiz"]
[Black "Beukema, Stefan"]
[Result "1-0"]
[WhiteElo "1922"]
[BlackElo "2259"]
[EventDate "2011.10.14"]
[PlyCount "113"]

1.e4 e5 2.a3 Nf6 3.Nc3 Nc6 4.Nf3 Bc5 5.Bc4 d6 6.d3 Be6 7.b4 Bb6 8.Nd5 Ne7 
9.Nxf6+ gxf6 10.Bxe6 fxe6 11.Nh4 Kd7 12.Be3 Qg8 13.g3 h5 14.c4 Bxe3 15.
fxe3 Ng6 16.Qa4+ Ke7 17.Nxg6+ Qxg6 18.Kd2 h4 19.Rag1 hxg3 20.Rxg3 Qxg3 21.
hxg3 Rxh1 22.Qb3 Rh2+ 23.Kc3 a5 24.bxa5 Ra7 25.c5 Rh8 26.cxd6+ Kxd6 27.d4 
Rha8 28.d5 Rxa5 29.Qxb7 exd5 30.exd5 Rxa3+ 31.Kd2 Ra2+ 32.Kd3 R8a3+ 33.Ke4
Ra4+ 34.Kf3 Rc4 35.Qc8 e4+ 36.Kg4 Rf2 37.Qd8+ Kc5 38.Qxc7+ Kxd5 39.Qb6 f5+
40.Kg5 Rf3 41.g4 f4 42.Qd8+ Kc5 43.Qe7+ Kb5 44.exf4 Rd3 45.f5 e3 46.f6 
Rd5+ 47.Kh4 Rdd4 48.Qxe3 Rxg4+ 49.Kh5 Rh4+ 50.Kg6 Rh8 51.Qb3+ Rb4 52.Qd5+ 
Ka6 53.Qa2+ Kb6 54.f7 Kc6 55.Qe6+ Kc5 56.Qe5+ Kc4 57.Qxh8 1-0

[Event "15th Unive op"]
[Site "Hoogeveen NED"]
[Date "2011.10.17"]
[Round "4.25"]
[White "Meurs, Tom WA"]
[Black "Te Bokkel, Gert Jan"]
[Result "1-0"]
[WhiteElo "2217"]
[BlackElo "2034"]
[EventDate "2011.10.14"]
[PlyCount "73"]

1.e4 e5 2.Nf3 Nc6 3.Bb5 Nf6 4.O-O Nxe4 5.d4 a6 6.Ba4 b5 7.Bb3 d5 8.dxe5 
Be6 9.Nbd2 Be7 10.c3 O-O 11.Bc2 f5 12.Nb3 Qd7 13.Nfd4 Nxd4 14.Nxd4 c5 15.
Nxe6 Qxe6 16.f3 Ng5 17.a4 Rad8 18.axb5 axb5 19.Ra7 d4 20.cxd4 Rxd4 21.Bb3 
Rxd1 22.Bxe6+ Nxe6 23.Rxd1 Re8 24.Be3 f4 25.Bf2 c4 26.Rda1 Nc5 27.Ra8 Rxa8
28.Rxa8+ Kf7 29.Rb8 Nd3 30.Rxb5 Ke6 31.Bd4 Bb4 32.Rb7 Bc5 33.Bxc5 Nxc5 34.
Rxg7 Kxe5 35.Rxh7 Kd4 36.h4 Kd3 37.h5 1-0

[Event "15th Unive op"]
[Site "Hoogeveen NED"]
[Date "2011.10.17"]
[Round "4.26"]
[White "Potze, Rudolf"]
[Black "Peelen, Piet"]
[Result "1/2-1/2"]
[WhiteElo "2126"]
[BlackElo "2354"]
[EventDate "2011.10.14"]
[PlyCount "60"]

1.e4 c6 2.d4 d5 3.Nc3 dxe4 4.Nxe4 Bf5 5.Ng3 Bg6 6.h4 h6 7.Nf3 Nd7 8.h5 Bh7
9.Bd3 Bxd3 10.Qxd3 e6 11.Bd2 Ngf6 12.O-O-O Be7 13.Kb1 O-O 14.Qe2 c5 15.
dxc5 Qc7 16.Ne4 Rac8 17.Bc1 Nxe4 18.Qxe4 Nf6 19.Qe2 Bxc5 20.Ne5 Bxf2 21.
Rd3 Rfd8 22.Rc3 Bc5 23.Rf1 Rd5 24.Bf4 Qb6 25.Bxh6 Rcd8 26.Rb3 Qa6 27.Nd3 
Nxh5 28.Qg4 Be7 29.Rh1 g6 30.Qf3 Rf5 1/2-1/2

[Event "15th Unive op"]
[Site "Hoogeveen NED"]
[Date "2011.10.17"]
[Round "4.27"]
[White "Ootes, Lars"]
[Black "Yamada, Kohei"]
[Result "1-0"]
[WhiteElo "2340"]
[BlackElo "2093"]
[EventDate "2011.10.14"]
[PlyCount "61"]

1.e4 e6 2.d4 d5 3.Nc3 Bb4 4.e5 c5 5.a3 Bxc3+ 6.bxc3 Qc7 7.Qg4 f5 8.Qg3 Nc6
9.Nf3 cxd4 10.cxd4 Nge7 11.Bd2 O-O 12.Bd3 Bd7 13.O-O Be8 14.Rab1 Rc8 15.
Rfc1 Qd7 16.Qf4 h6 17.Kh1 Bh5 18.Ng1 a6 19.Qh4 Be8 20.Ne2 b5 21.Rg1 Ng6 
22.Qh3 Qe7 23.g3 Rc7 24.f3 Kh8 25.Rg2 Qd8 26.Rbg1 Kg8 27.Be1 Rcf7 28.g4 
fxg4 29.Qxg4 Ngxe5 30.Qxg7+ Rxg7 31.Rxg7+ 1-0

[Event "15th Unive op"]
[Site "Hoogeveen NED"]
[Date "2011.10.17"]
[Round "4.28"]
[White "Poelstra, Ben"]
[Black "Rietveld, Renze"]
[Result "0-1"]
[WhiteElo "2102"]
[BlackElo "2291"]
[EventDate "2011.10.14"]
[PlyCount "66"]

1.e4 c5 2.c3 g6 3.d4 cxd4 4.cxd4 d5 5.e5 Nc6 6.Nc3 Nh6 7.Be2 Bg7 8.Bg5 Nf5
9.Nf3 f6 10.exf6 exf6 11.Bf4 O-O 12.O-O Be6 13.Qd2 Rc8 14.Na4 Bf7 15.Rac1 
g5 16.Be3 Nd6 17.Nc5 b6 18.Na6 Ne4 19.Qd1 Qd6 20.Qa4 h6 21.Rc2 Na5 22.Rfc1
Rxc2 23.Qxc2 Re8 24.Qc7 Re7 25.Qxd6 Nxd6 26.b3 Nf5 27.Rc7 Rxc7 28.Nxc7 
Nxe3 29.fxe3 Bf8 30.h3 Bb4 31.Nh2 Nc6 32.Bf3 Ne7 33.Kf2 Bd6 0-1

[Event "15th Unive op"]
[Site "Hoogeveen NED"]
[Date "2011.10.17"]
[Round "4.29"]
[White "Stavast, Dick"]
[Black "Markus, John Raymond"]
[Result "0-1"]
[WhiteElo "2097"]
[BlackElo "2167"]
[EventDate "2011.10.14"]
[PlyCount "78"]

1.d4 Nf6 2.c4 d6 3.Nc3 Nbd7 4.e4 e5 5.d5 Nc5 6.f3 a5 7.Be3 Be7 8.Nge2 O-O 
9.g3 Ne8 10.Qd2 f5 11.Bg2 fxe4 12.fxe4 b6 13.O-O-O a4 14.h3 Ba6 15.Nb5 
Bxb5 16.cxb5 Nf6 17.Qc2 Qe8 18.g4 Qxb5 19.Ng3 Kh8 20.g5 Ng8 21.h4 Qd7 22.
Bh3 Qd8 23.Rdg1 Rf3 24.Nf5 Nb3+ 25.Kb1 Rxe3 26.Nxe3 Nd4 27.Qd1 Qe8 28.Nf5 
a3 29.Nxd4 exd4 30.b3 c5 31.dxc6 Qxc6 32.Qxd4 Rf8 33.Rc1 Qb5 34.Bf1 Qe8 
35.Bc4 d5 36.Qxd5 Bc5 37.Rhf1 Ne7 38.Rxf8+ Qxf8 39.Rd1 Nxd5 0-1

[Event "15th Unive op"]
[Site "Hoogeveen NED"]
[Date "2011.10.17"]
[Round "4.30"]
[White "Go, Benjamin"]
[Black "Klapwijk, Bram"]
[Result "0-1"]
[WhiteElo "2153"]
[BlackElo "2025"]
[EventDate "2011.10.14"]
[PlyCount "46"]

1.e4 e6 2.Nf3 d5 3.Nc3 Nf6 4.e5 Nfd7 5.d4 c5 6.dxc5 Nc6 7.Bf4 Bxc5 8.Bd3 
f6 9.exf6 Nxf6 10.Qe2 O-O 11.O-O-O a6 12.Kb1 Bd6 13.Bxd6 Qxd6 14.Rhe1 Bd7 
15.h3 b5 16.g4 b4 17.Na4 Nd8 18.g5 Nh5 19.Ne5 Nf4 20.Qg4 Nxd3 21.Nxd7 Qxd7
22.Nb6 Qb7 23.Rxe6 Nxf2 0-1

[Event "15th Unive op"]
[Site "Hoogeveen NED"]
[Date "2011.10.17"]
[Round "4.31"]
[White "Van Foreest, Jorden"]
[Black "Maatman, Nick"]
[Result "1/2-1/2"]
[WhiteElo "2153"]
[BlackElo "1980"]
[EventDate "2011.10.14"]
[PlyCount "139"]

1.c4 Nf6 2.Nc3 d5 3.cxd5 Nxd5 4.Nf3 g6 5.Qa4+ Nc6 6.Ne5 Bd7 7.Nxd7 Qxd7 8.
g3 Nb6 9.Qd1 Bg7 10.Bg2 O-O 11.O-O Rfd8 12.d3 a5 13.Be3 a4 14.a3 Nd4 15.
Bxb7 Ra5 16.Bg2 Nb3 17.Rb1 Bxc3 18.bxc3 Qd6 19.Bc1 Nc4 20.Rxb3 axb3 21.
Qxb3 Nb6 22.c4 e5 23.Kh1 Qc5 24.Bb2 Na4 25.Ba1 f6 26.f4 Qb6 27.Qxb6 Nxb6 
28.fxe5 fxe5 29.Bc3 Rxa3 30.Bxe5 Rd7 31.Bf6 Ra2 32.c5 Nd5 33.c6 Rd6 34.Be5
Rd8 35.Bf3 Ne3 36.Bxc7 Rc8 37.Bf4 Nxf1 38.Bd5+ Kf8 39.Bxa2 Rxc6 40.Bc4 Rb6
41.Kg2 Rb1 42.Bh6+ Ke7 43.d4 Rd1 44.Bg5+ Kd7 45.Bb3 Ra1 46.Bg8 h6 47.Bxh6 
Nxh2 48.d5 Nf1 49.Be6+ Kd6 50.Bf8+ Kc7 51.d6+ Kc6 52.d7 Ne3+ 53.Kf3 Rf1+ 
54.Kxe3 Rxf8 55.Bg4 Kd6 56.Ke4 Ke7 57.e3 Rf6 58.Ke5 Rf8 59.e4 Rf2 60.Be6 
Rf3 61.g4 Rf8 62.Kd5 Rf6 63.g5 Rf2 64.Ke5 Rf8 65.Kd5 Rf2 66.Ke5 Rf8 67.Bh3
Rf2 68.Bg4 Rf8 69.Be6 Rd8 70.Bg4 1/2-1/2

[Event "15th Unive op"]
[Site "Hoogeveen NED"]
[Date "2011.10.17"]
[Round "4.32"]
[White "Hendriks, Richard V"]
[Black "Gieben, Stijn"]
[Result "1/2-1/2"]
[WhiteElo "2136"]
[BlackElo "1940"]
[EventDate "2011.10.14"]
[PlyCount "90"]

1.e4 e6 2.b3 d5 3.Bb2 dxe4 4.Nc3 f5 5.f3 Bd6 6.Nh3 exf3 7.Qxf3 Nc6 8.Nb5 
Nf6 9.Nxd6+ Qxd6 10.O-O-O Bd7 11.d4 O-O-O 12.Nf2 Nb4 13.Kb1 Bc6 14.Qe2 Ne4
15.a3 Nxf2 16.Qxf2 Nd5 17.c4 Qf4 18.Qe1 Ne3 19.Bc1 Be4+ 20.Ka2 Nc2 21.Bxf4
Nxe1 22.Rxe1 Rxd4 23.Be3 Rd7 24.c5 Bd5 25.Rg1 e5 26.g3 h6 27.h4 g5 28.Bh3 
g4 29.Bg2 Be6 30.Rd1 Rhd8 31.Rxd7 Rxd7 32.c6 Rd3 33.cxb7+ Kb8 34.Re1 Rxb3 
35.Ka1 Rxa3+ 36.Kb1 h5 37.Rd1 e4 38.Bf4 Kxb7 39.Bf1 a5 40.Rc1 c6 41.Kc2 
Bd5 42.Rb1+ Ka7 43.Bb8+ Ka8 44.Bd6 Ra2+ 45.Kc3 Rf2 1/2-1/2

[Event "15th Unive op"]
[Site "Hoogeveen NED"]
[Date "2011.10.17"]
[Round "4.33"]
[White "Van Dorp, Folke"]
[Black "Arp, Frans"]
[Result "1-0"]
[WhiteElo "2050"]
[BlackElo "2107"]
[EventDate "2011.10.14"]
[PlyCount "107"]

1.d4 Nf6 2.c4 g6 3.Nc3 Bg7 4.e4 d6 5.Bd3 O-O 6.Nge2 e5 7.d5 Nh5 8.O-O f5 
9.exf5 gxf5 10.f3 Na6 11.Be3 Nc5 12.Bc2 f4 13.Bf2 a5 14.a3 a4 15.Bxc5 dxc5
16.Ne4 Bf5 17.N2c3 b6 18.Bxa4 Bxe4 19.Nxe4 Qh4 20.Bc6 Rad8 21.Qe1 Qe7 22.
Ba4 Kh8 23.Bc2 Bf6 24.Nxf6 Qxf6 25.Qe4 Qg7 26.Rf2 Rde8 27.Rc1 Rf7 28.Rd1 
Nf6 29.Qe2 e4 30.Bxe4 Nxe4 31.fxe4 Qe5 32.Re1 Rf6 33.Qd3 c6 34.Qc3 cxd5 
35.cxd5 Kg7 36.Qxe5 Rxe5 37.Rf3 Kg6 38.Kf2 Kg5 39.Rc3 Rd6 40.b4 cxb4 41.
axb4 b5 42.Rc5 Ra6 43.d6 Kf6 44.Rxe5 Kxe5 45.Rd1 Ra2+ 46.Kf3 Ra3+ 47.Kg4 
h5+ 48.Kxh5 Ra8 49.d7 Rd8 50.Kg4 Kxe4 51.Re1+ Kd4 52.Kxf4 Kc3 53.Rd1 Kxb4 
54.Ke5 1-0

[Event "15th Unive op"]
[Site "Hoogeveen NED"]
[Date "2011.10.17"]
[Round "4.34"]
[White "Beerdsen, Thomas"]
[Black "Sadallah, Osama"]
[Result "1-0"]
[WhiteElo "2019"]
[BlackElo "2145"]
[EventDate "2011.10.14"]
[PlyCount "83"]

1.e4 c5 2.Nf3 Nc6 3.d4 cxd4 4.Nxd4 Nf6 5.Nc3 g6 6.Nxc6 bxc6 7.e5 Ng8 8.Bc4
Bg7 9.Bf4 Nh6 10.Qd2 Ng4 11.Qe2 h5 12.h3 Nh6 13.O-O-O O-O 14.g4 h4 15.Qe4 
Kh7 16.Kb1 Qa5 17.Bxh6 Bxh6 18.g5 Bxg5 19.Rhg1 d5 20.exd6 exd6 21.Rxd6 Be6
22.f4 Qc5 23.Rgd1 Be7 24.Rxc6 Qf5 25.Bxe6 fxe6 26.Rxe6 Qxe4 27.Nxe4 Rad8 
28.Rxe7+ Kh6 29.Rxd8 Rxd8 30.b3 Rf8 31.Rxa7 Rxf4 32.Nd2 g5 33.Ra6+ Kh7 34.
Ra5 Kh6 35.Re5 g4 36.hxg4 Rxg4 37.Nf3 h3 38.a4 Rg3 39.Rf5 Kg6 40.Rf4 Kh5 
41.a5 Rg1+ 42.Kb2 1-0

[Event "15th Unive op"]
[Site "Hoogeveen NED"]
[Date "2011.10.17"]
[Round "4.35"]
[White "Hoffman, Ron"]
[Black "Vinke, Maarten"]
[Result "0-1"]
[WhiteElo "2121"]
[BlackElo "2032"]
[EventDate "2011.10.14"]
[PlyCount "102"]

1.c4 c5 2.g3 Nc6 3.Bg2 g6 4.e3 Bg7 5.Ne2 Nf6 6.Nbc3 O-O 7.d4 d6 8.dxc5 
dxc5 9.Bxc6 Qxd1+ 10.Kxd1 bxc6 11.f3 Nd7 12.b3 Ne5 13.f4 Nd3 14.Kc2 Bf5 
15.e4 Nb4+ 16.Kb1 Bg4 17.Bb2 Nd3 18.e5 Bf5 19.g4 Bxg4 20.Ng3 Nxf4 21.Na4 
Nd3 22.Bc3 Rfd8 23.Kc2 h5 24.h3 Be6 25.Ne4 Bf5 26.Ng3 Be6 27.Ne4 Nxe5 28.
Naxc5 Bf5 29.Rae1 Nf3 30.Re3 Ng5 31.Bxg7 Kxg7 32.Kc3 Nxe4+ 33.Nxe4 Bxe4 
34.Rxe4 Rd7 35.Rhe1 e6 36.Re5 Rad8 37.Rc5 Rd3+ 38.Kc2 Rxh3 39.Rxc6 Rh2+ 
40.Kc3 Rxa2 41.Rc7 a5 42.Rxe6 Rdd2 43.b4 Rdc2+ 44.Kd4 axb4 45.Ree7 Rf2 46.
Rb7 Ra4 47.c5 b3+ 48.Ke3 Raa2 49.c6 Rae2+ 50.Kd3 Rxe7 51.Rxe7 Rc2 0-1

[Event "15th Unive op"]
[Site "Hoogeveen NED"]
[Date "2011.10.17"]
[Round "4.36"]
[White "Kollen, Zyon"]
[Black "Maris, Ivo"]
[Result "0-1"]
[WhiteElo "2112"]
[BlackElo "1998"]
[EventDate "2011.10.14"]
[PlyCount "74"]

1.e4 c5 2.Nf3 d6 3.d4 cxd4 4.Nxd4 Nf6 5.Nc3 a6 6.Be3 e6 7.f3 b5 8.Qd2 Bb7 
9.a4 b4 10.Na2 d5 11.e5 Nfd7 12.f4 Nc5 13.Bd3 Qa5 14.Nxb4 Qxb4 15.c3 Qxb2 
16.Qxb2 Nxd3+ 17.Ke2 Nxb2 18.Rhb1 Nc4 19.Rxb7 Nxe3 20.Kxe3 Bc5 21.Rc7 Nd7 
22.Rb1 Bxd4+ 23.Kxd4 Ke7 24.Rbb7 Rhd8 25.f5 Rac8 26.g4 Rxc7 27.Rxc7 h6 28.
h4 Rb8 29.g5 hxg5 30.hxg5 exf5 31.Kxd5 Rb6 32.c4 Re6 33.Kd4 Kd8 34.Ra7 
Nxe5 35.Kd5 f4 36.g6 Nxg6 37.Rxf7 Rf6 0-1

[Event "15th Unive op"]
[Site "Hoogeveen NED"]
[Date "2011.10.17"]
[Round "4.37"]
[White "Lesman, Francis"]
[Black "De Groot, Hendrik"]
[Result "0-1"]
[WhiteElo "2074"]
[BlackElo "1953"]
[EventDate "2011.10.14"]
[PlyCount "144"]

1.d4 c5 2.d5 g6 3.Nf3 Bg7 4.g3 b5 5.a4 b4 6.Bg2 d6 7.O-O Nf6 8.Re1 O-O 9.
e4 Nbd7 10.Nbd2 Ba6 11.Nf1 Rc8 12.N3d2 e6 13.Ne3 exd5 14.exd5 c4 15.Bf1 
Nb6 16.Bg2 c3 17.bxc3 bxc3 18.Nb3 Qd7 19.Nd4 Bb7 20.Nc6 Nbxd5 21.Nxd5 Nxd5
22.Na5 Ba8 23.Bxd5 Bxd5 24.Qxd5 Rc5 25.Qb7 Qf5 26.Nb3 Re5 27.Rxe5 Bxe5 28.
Bh6 Rd8 29.f4 Bf6 30.Qg2 d5 31.g4 Qd7 32.Rd1 a5 33.h3 Bh4 34.Qf3 Qa7+ 35.
Kg2 Re8 36.Bg5 Re3 37.Bxh4 Rxf3 38.Kxf3 f5 39.gxf5 gxf5 40.Bf2 Qf7 41.Rg1+
Kf8 42.Nd4 Qh5+ 43.Kg2 Qg6+ 44.Kh2 Qd6 45.Be3 Kf7 46.Rg7+ Ke8 47.Nb5 Qh6 
48.Rg5 Qh4 49.Nd6+ Kd7 50.Nxf5 Qe1 51.Rg1 Qe2+ 52.Rg2 Qc4 53.Nd4 Qxa4 54.
f5 Ke7 55.Rg7+ Kf6 56.Rxh7 Qe8 57.Rh6+ Kf7 58.Re6 Qb8+ 59.Kg2 Qg8+ 60.Kf2 
Qb8 61.Kg2 Qg8+ 62.Kf3 Qb8 63.Bf4 Qb1 64.Re2 Qh1+ 65.Kg4 Qg1+ 66.Kf3 Qxd4 
67.h4 Qf6 68.Kg4 Qg7+ 69.Bg5 Qd4+ 70.Kf3 a4 71.Re7+ Kf8 72.Rb7 Qe4+ 0-1

[Event "15th Unive op"]
[Site "Hoogeveen NED"]
[Date "2011.10.17"]
[Round "4.38"]
[White "Scharft, Johan"]
[Black "Henseler, Jorgen"]
[Result "1/2-1/2"]
[WhiteElo "2005"]
[BlackElo "2073"]
[EventDate "2011.10.14"]
[PlyCount "54"]

1.e4 e5 2.Nf3 Nc6 3.Bb5 a6 4.Ba4 Nf6 5.O-O Be7 6.Re1 b5 7.Bb3 O-O 8.d4 
Nxd4 9.Nxd4 exd4 10.e5 Ne8 11.Bd5 Rb8 12.Qxd4 d6 13.Bf4 Bf5 14.c3 c5 15.
Qd1 dxe5 16.Bxe5 Bd6 17.Qf3 Bg6 18.Bxd6 Nxd6 19.Nd2 Qg5 20.Ne4 Nxe4 21.
Bxe4 Rbd8 22.Rad1 Rxd1 23.Rxd1 Bh5 24.Qh3 Bg6 25.Bxg6 Qxg6 26.Qd3 Re8 27.
Qxg6 hxg6 1/2-1/2

[Event "15th Unive op"]
[Site "Hoogeveen NED"]
[Date "2011.10.17"]
[Round "4.39"]
[White "Van Laatum, Maarten"]
[Black "Dijkhuis, Tycho"]
[Result "0-1"]
[WhiteElo "2115"]
[BlackElo "1873"]
[EventDate "2011.10.14"]
[PlyCount "92"]

1.e4 c5 2.Nf3 d6 3.d4 cxd4 4.Nxd4 Nf6 5.Nc3 a6 6.Bg5 e6 7.f4 Nc6 8.e5 h6 
9.Bh4 g5 10.fxg5 Nd5 11.Nxc6 bxc6 12.Ne4 Qb6 13.c4 Qxb2 14.Bg3 Ne3 15.Qb1 
Qxa1 16.Qxa1 Nc2+ 17.Kd2 Nxa1 18.exd6 Bg7 19.Nf6+ Bxf6 20.gxf6 Kd7 21.Bd3 
Rb8 22.Kc3 c5 23.Bf2 Kxd6 24.Be4 Bb7 25.Bg3+ e5 26.Bf5 Nb3 27.axb3 Rbd8 
28.Ra1 Rhe8 29.b4 cxb4+ 30.Kxb4 Bc8 31.Be4 Ke6 32.Bd5+ Rxd5 33.cxd5+ Kxd5 
34.Ra5+ Kd4 35.Bf2+ Ke4 36.Rc5 Kf5 37.Rc6 Kg6 38.Be3 Bb7 39.Rb6 Bxg2 40.
Rxa6 Rd8 41.Ra3 Kxf6 42.Ra6+ Kf5 43.Rxh6 Rd3 44.Bf2 Bd5 45.Rd6 Rf3 46.Bh4 
Rf4+ 0-1

[Event "15th Unive op"]
[Site "Hoogeveen NED"]
[Date "2011.10.17"]
[Round "4.40"]
[White "Van Lommel, Patrick"]
[Black "Majhi, Ankit"]
[Result "1-0"]
[WhiteElo "2111"]
[BlackElo "1760"]
[EventDate "2011.10.14"]
[PlyCount "61"]

1.d4 Nf6 2.c4 g6 3.Nc3 Bg7 4.e4 d6 5.Be2 O-O 6.Bg5 c5 7.d5 b5 8.cxb5 a6 9.
a4 Qa5 10.Bd2 Qb4 11.f3 Nfd7 12.Qc2 axb5 13.Nd1 Rxa4 14.Bxb4 Rxa1 15.Bc3 
Bxc3+ 16.bxc3 Ra5 17.Nh3 c4 18.O-O Na6 19.Qd2 Bb7 20.Qh6 Rc8 21.f4 b4 22.
cxb4 Nxb4 23.Bg4 Nf8 24.Bxc8 Bxc8 25.f5 Ba6 26.fxg6 hxg6 27.Qd2 Rb5 28.Nc3
Rc5 29.Qb2 Nd3 30.Qb6 Bc8 31.Qd8 1-0

[Event "15th Unive op"]
[Site "Hoogeveen NED"]
[Date "2011.10.17"]
[Round "4.41"]
[White "Lee, Kai Jie Edward"]
[Black "Baskin, Robert"]
[Result "0-1"]
[WhiteElo "2008"]
[BlackElo "2016"]
[EventDate "2011.10.14"]
[PlyCount "102"]

1.e4 c5 2.Nf3 d6 3.d4 cxd4 4.Nxd4 Nf6 5.f3 a6 6.c4 e6 7.Nc3 Be7 8.Be3 O-O 
9.Qd2 b6 10.Be2 Bb7 11.O-O Qc7 12.Rac1 Nbd7 13.Rc2 Rac8 14.Rb1 Qb8 15.b4 
Bd8 16.Kh1 Bc7 17.Bg1 Kh8 18.Nb3 Rg8 19.c5 dxc5 20.bxc5 g5 21.c6 Bxc6 22.
Bxa6 Bf4 23.Qf2 g4 24.Bxc8 g3 25.Qe2 Rxc8 26.h3 Rg8 27.Nd4 Ba8 28.Qd1 Qf8 
29.Nde2 Bb8 30.Be3 Qe7 31.Rb5 Ne5 32.Bf4 Nc4 33.Rc1 e5 34.Nb1 Bc6 35.Rxb6 
Nxb6 36.Rxc6 exf4 37.Rxb6 Rd8 38.Qc1 Ba7 39.Rc6 Qd7 40.Ng1 Qd1 41.Rc8 Ng8 
42.Nd2 Qxd2 43.Qa1+ Qd4 44.Qxd4+ Rxd4 45.Rc7 Ra4 46.Rc2 Rb4 47.Rc1 Rb2 48.
Ra1 Ne7 49.a4 Ng6 50.a5 Nh4 51.a6 Rxg2 0-1

[Event "15th Unive op"]
[Site "Hoogeveen NED"]
[Date "2011.10.17"]
[Round "4.42"]
[White "Mol, Christiaan"]
[Black "Cox, Jan"]
[Result "1-0"]
[WhiteElo "2013"]
[BlackElo "2008"]
[EventDate "2011.10.14"]
[PlyCount "75"]

1.d4 Nf6 2.c4 g6 3.Nc3 Bg7 4.e4 d6 5.f3 O-O 6.Be3 e5 7.d5 c6 8.Bd3 cxd5 9.
cxd5 a6 10.Nge2 Nbd7 11.O-O Nc5 12.Bc2 Ne8 13.Qd2 f5 14.exf5 gxf5 15.f4 b6
16.Rad1 Ra7 17.fxe5 dxe5 18.b4 Nd7 19.Bxf5 Nd6 20.Be6+ Kh8 21.Rxf8+ Nxf8 
22.Bg5 Qe8 23.Bxc8 Qxc8 24.Qe3 Nc4 25.Qf3 Qe8 26.d6 Ne6 27.Be7 Rd7 28.Qd5 
Ne3 29.Qxe6 Nxd1 30.Nxd1 a5 31.b5 Rd8 32.Ndc3 h6 33.h3 Rd7 34.Ne4 Rd8 35.
Nf6 Bxf6 36.Bxf6+ Kh7 37.Qxe8 Rxe8 38.d7 1-0

[Event "15th Unive op"]
[Site "Hoogeveen NED"]
[Date "2011.10.18"]
[Round "5.1"]
[White "Zherebukh, Yaroslav"]
[Black "Lenderman, Aleksandr"]
[Result "1/2-1/2"]
[WhiteElo "2580"]
[BlackElo "2562"]
[EventDate "2011.10.14"]
[PlyCount "87"]

1.e4 c6 2.c4 d5 3.cxd5 cxd5 4.exd5 Nf6 5.Qa4+ Nbd7 6.Nc3 g6 7.Nf3 Bg7 8.
Bc4 O-O 9.d3 a6 10.Qa3 b6 11.O-O Bb7 12.Re1 Re8 13.Bd2 b5 14.Bb3 Nb6 15.
Ne4 Bxd5 16.Ba5 Nxe4 17.dxe4 Bxb3 18.Qxb3 Qb8 19.Rad1 Na4 20.e5 Nc5 21.Qe3
Ne6 22.a3 Qb7 23.h4 Rac8 24.b3 Rc5 25.Rd3 Rd5 26.Qe4 Rd7 27.Qxb7 Rxb7 28.
Ng5 Nxg5 29.hxg5 e6 30.f4 h6 31.gxh6 Bxh6 32.Bd8 Rb8 33.Bf6 b4 34.a4 Rec8 
35.Red1 Bg7 36.Rd8+ Rxd8 37.Rxd8+ Rxd8 38.Bxd8 Bf8 39.Bb6 g5 40.g3 gxf4 
41.gxf4 Bh6 42.Be3 Kg7 43.Kf2 f6 44.exf6+ 1/2-1/2

[Event "15th Unive op"]
[Site "Hoogeveen NED"]
[Date "2011.10.18"]
[Round "5.2"]
[White "Van Kampen, Robin"]
[Black "Tiviakov, Sergei"]
[Result "1/2-1/2"]
[WhiteElo "2529"]
[BlackElo "2647"]
[EventDate "2011.10.14"]
[PlyCount "140"]

1.e4 d5 2.exd5 Qxd5 3.Nc3 Qd6 4.d4 Nf6 5.Nf3 g6 6.g3 Bg7 7.Bg2 c6 8.O-O 
O-O 9.Re1 Na6 10.Bf4 Qd8 11.Qd2 Bf5 12.a3 Nc7 13.Be5 Qd7 14.Na4 Na6 15.
Rad1 Rad8 16.b3 b5 17.Nb2 Qc8 18.c4 bxc4 19.bxc4 Qb7 20.Nh4 Be6 21.Rb1 Qc8
22.Qc1 h6 23.Nd3 g5 24.Nf3 Bf5 25.Rb3 Rfe8 26.Rd1 Be4 27.Nde1 Qf5 28.Qc3 
Nc5 29.Rb4 a5 30.Rb2 Na4 31.Qc1 Nxb2 32.Qxb2 Bf8 33.h3 Qe6 34.Qc3 a4 35.
Nd3 Nd7 36.Nxg5 hxg5 37.Bxe4 Nxe5 38.dxe5 Bg7 39.Re1 Qd7 40.Qc2 Qxh3 41.
Bxc6 Rf8 42.c5 Rd4 43.Bxa4 Qf5 44.Bb5 Rb8 45.Bc4 Re4 46.Rc1 Bxe5 47.Bd5 
Rd4 48.Nxe5 Qxe5 49.Qg6+ Qg7 50.Bxf7+ Kf8 51.Qh5 Rbd8 52.Bc4 Qf6 53.c6 Rd2
54.Rf1 Kg7 55.Qg4 Rf8 56.Be2 Rc2 57.Qe4 Rxc6 58.Bd3 Rfc8 59.a4 Rc5 60.Re1 
Rc1 61.a5 Rxe1+ 62.Qxe1 Rc3 63.Bf1 Ra3 64.a6 Kf8 65.Qe4 Ra2 66.Be2 Kg7 67.
Kg2 Ra5 68.Bd3 Ra2 69.Be2 Ra5 70.Bd3 Ra2 1/2-1/2

[Event "15th Unive op"]
[Site "Hoogeveen NED"]
[Date "2011.10.18"]
[Round "5.3"]
[White "Nyzhnyk, Illya"]
[Black "Haslinger, Stewart"]
[Result "1-0"]
[WhiteElo "2561"]
[BlackElo "2542"]
[EventDate "2011.10.14"]
[PlyCount "131"]

1.d4 d5 2.c4 c6 3.Nf3 Nf6 4.Nc3 a6 5.g3 dxc4 6.a4 e6 7.Bg2 c5 8.O-O cxd4 
9.Nxd4 e5 10.Nc2 Qxd1 11.Rxd1 Nc6 12.a5 Be6 13.Ne3 Bc5 14.Ra4 Rc8 15.Nxc4 
Bxc4 16.Rxc4 Nxa5 17.Ra4 Nc6 18.Bg5 O-O 19.Bxf6 gxf6 20.Rc4 Ne7 21.Rg4+ 
Ng6 22.Bxb7 Rb8 23.Bxa6 Rb6 24.Bc4 Bd4 25.Nd5 Rxb2 26.e3 Bb6 27.Nxf6+ Kg7 
28.Nd7 Rd8 29.Rd5 Ra8 30.Nxb6 Rxb6 31.Rd7 Ra1+ 32.Kg2 Rf6 33.Rd2 Rc6 34.
Be2 Rac1 35.Rb4 R1c2 36.Rb2 Rxd2 37.Rxd2 Rc7 38.h4 h6 39.Rd6 Nf8 40.Bg4 
Nh7 41.Bf5 Nf6 42.g4 Ng8 43.Kf3 Re7 44.Be4 Rc7 45.Bd3 Nf6 46.Bf5 Re7 47.g5
hxg5 48.hxg5 Ng8 49.Ke4 f6 50.Be6 fxg5 51.Bxg8 Kxg8 52.Rg6+ Kf7 53.Rxg5 
Ra7 54.Rxe5 Kf6 55.f4 Ra4+ 56.Kf3 Ra3 57.Rd5 Rb3 58.Ke4 Rb4+ 59.Rd4 Rb6 
60.f5 Kg5 61.Ke5 Rb8 62.Rd6 Rb5+ 63.Ke6 Rb4 64.f6 Re4+ 65.Kf7 Rxe3 66.Kg7 
1-0

[Event "15th Unive op"]
[Site "Hoogeveen NED"]
[Date "2011.10.18"]
[Round "5.4"]
[White "Grover, Sahaj"]
[Black "Ernst, Sipke"]
[Result "0-1"]
[WhiteElo "2514"]
[BlackElo "2581"]
[EventDate "2011.10.14"]
[PlyCount "58"]

1.d4 d5 2.c4 c6 3.Nf3 Nf6 4.Nc3 dxc4 5.a4 e6 6.e3 c5 7.Bxc4 Nc6 8.O-O Be7 
9.Qe2 cxd4 10.Nxd4 Bd7 11.Nxc6 Bxc6 12.e4 Qa5 13.e5 Nd7 14.Re1 O-O 15.Bf4 
Bb4 16.Qg4 Rfd8 17.Re3 Nf8 18.Bd3 Bc5 19.Rg3 g6 20.Bg5 Rd4 21.Qe2 Rb4 22.
h4 Bd4 23.Be7 Rxb2 24.Qxb2 Bxc3 25.Qc1 Bxe5 26.Rg4 h5 27.Rg5 Qc7 28.Ba3 
Bf4 29.Qc3 Bh2+ 0-1

[Event "15th Unive op"]
[Site "Hoogeveen NED"]
[Date "2011.10.18"]
[Round "5.5"]
[White "Baklan, Vladimir"]
[Black "Klein, David"]
[Result "1-0"]
[WhiteElo "2617"]
[BlackElo "2359"]
[EventDate "2011.10.14"]
[PlyCount "111"]

1.e4 c5 2.c3 Nf6 3.e5 Nd5 4.Nf3 e6 5.Bc4 d6 6.O-O Be7 7.exd6 Qxd6 8.d4 O-O
9.Re1 Nc6 10.dxc5 Qxc5 11.Bd3 Rd8 12.Qc2 h6 13.Nbd2 Bd7 14.a3 Be8 15.c4 
Nf6 16.b4 Qd6 17.Bf1 Nd4 18.Nxd4 Qxd4 19.Nb3 Qh4 20.Qe2 Bc6 21.g3 Qe4 22.
Qxe4 Bxe4 23.Bb2 Bd3 24.Rad1 Bxf1 25.Kxf1 Rac8 26.Rxd8+ Bxd8 27.Rc1 Ng4 
28.h3 Bf6 29.Bxf6 Nxf6 30.Ke2 Kf8 31.c5 Ke7 32.Na5 Rc7 33.b5 Nd7 34.c6 
bxc6 35.Rxc6 Rxc6 36.Nxc6+ Kd6 37.Nxa7 Kc5 38.Nc6 Kxb5 39.Nd8 Ne5 40.f4 
Nc4 41.Nxf7 Nxa3 42.Nd8 g5 43.fxg5 hxg5 44.Nxe6 g4 45.h4 Nc4 46.h5 Kc6 47.
h6 Ne5 48.h7 Ng6 49.Nd8+ Kd6 50.Nf7+ Ke7 51.h8=Q Nxh8 52.Nxh8 Kf6 53.Ke3 
Kg7 54.Kf4 Kxh8 55.Kxg4 Kg8 56.Kg5 1-0

[Event "15th Unive op"]
[Site "Hoogeveen NED"]
[Date "2011.10.18"]
[Round "5.6"]
[White "Voekler, Bernd"]
[Black "Brandenburg, Daan"]
[Result "1/2-1/2"]
[WhiteElo "2374"]
[BlackElo "2522"]
[EventDate "2011.10.14"]
[PlyCount "92"]

1.e4 c5 2.Nf3 d6 3.d4 cxd4 4.Nxd4 Nf6 5.Nc3 Nc6 6.Bc4 e6 7.Be3 a6 8.Qe2 
Qc7 9.O-O-O Na5 10.Bd3 b5 11.g4 b4 12.Na4 Nd7 13.Nb3 Nxb3+ 14.axb3 Nc5 15.
Kb1 Bb7 16.Rhe1 Bc6 17.Bxc5 dxc5 18.e5 Be7 19.f4 O-O-O 20.Bxa6+ Kb8 21.Bc4
g6 22.Qf2 h5 23.gxh5 Bxa4 24.bxa4 Rxh5 25.Rxd8+ Qxd8 26.Qf3 Rxh2 27.Rd1 
Rd2 28.Rxd2 Qxd2 29.Bd3 b3 30.cxb3 Kc7 31.Ka2 c4 32.Bxc4 Bc5 33.Bb5 Qd5 
34.Qc3 Kd8 35.Bc4 Qd4 36.Qa5+ Ke7 37.Qa8 Qd8 38.Qc6 Be3 39.b4 Qd7 40.b5 
Qxc6 41.bxc6 Bxf4 42.c7 Kd7 43.Bb5+ Kxc7 44.Be8 Bxe5 45.Bxf7 Bd6 46.Kb3 
Kb6 1/2-1/2

[Event "15th Unive op"]
[Site "Hoogeveen NED"]
[Date "2011.10.18"]
[Round "5.7"]
[White "Van Eijk, Sander"]
[Black "Van Delft, Merijn"]
[Result "1-0"]
[WhiteElo "2372"]
[BlackElo "2413"]
[EventDate "2011.10.14"]
[PlyCount "117"]

1.e4 c5 2.Nc3 d6 3.Nf3 a6 4.d4 cxd4 5.Nxd4 Nf6 6.Bc4 e6 7.O-O Be7 8.Bb3 
O-O 9.Be3 b5 10.f3 Bd7 11.a4 b4 12.Na2 a5 13.c3 bxc3 14.Nxc3 Nc6 15.Ndb5 
Qb8 16.Bg5 Nb4 17.Kh1 Rd8 18.Qe2 Kh8 19.Rad1 Bxb5 20.Nxb5 Ng8 21.Bf4 Qb6 
22.Rd2 Rd7 23.Rfd1 Rad8 24.Nc3 Nf6 25.Bc4 d5 26.Bb5 Rb7 27.Be5 dxe4 28.
Rxd8+ Bxd8 29.Nxe4 Nxe4 30.fxe4 Be7 31.Qc4 h6 32.h3 Kh7 33.Bd4 Qd6 34.Qf1 
Qg3 35.Qf3 Qxf3 36.gxf3 Bf6 37.Bxf6 gxf6 38.Rd8 Rc7 39.Ra8 Rc1+ 40.Kg2 
Rc2+ 41.Kg3 Rxb2 42.Rxa5 Nc2 43.Ra7 Kg7 44.Be8 Kf8 45.Bxf7 Nd4 46.Bh5 Kg8 
47.f4 f5 48.exf5 Nxf5+ 49.Kf3 Rb3+ 50.Kf2 Rb2+ 51.Ke1 Rb4 52.a5 Rxf4 53.a6
Ra4 54.Be8 Ra1+ 55.Kd2 Kf8 56.Bb5 Nd4 57.Bc4 Ke8 58.Rb7 Kd8 59.a7 1-0